Entry Personal Name
Number of records used in: 1
001 - CONTROL NUMBER
003 - CONTROL NUMBER IDENTIFIER
005 - DATE AND TIME OF LATEST TRANSACTION
- control field:
20221003132327.0
008 - FIXED-LENGTH DATA ELEMENTS
- fixed length control field:
780621n| azannaabn |a aaa
010 ## - LIBRARY OF CONGRESS CONTROL NUMBER
- LC control number:
n 78037119
- Canceled/invalid LC control number:
n 83057097
035 ## - SYSTEM CONTROL NUMBER
- System control number:
(OCoLC)oca00173268
040 ## - CATALOGING SOURCE
- Original cataloging agency:
DLC
- Language of cataloging:
eng
- Transcribing agency:
DLC
- Modifying agency:
DLC
- Modifying agency:
OCoLC
- Description conventions:
rda
- Modifying agency:
DNLM
100 1# - HEADING--PERSONAL NAME
- Personal name:
Moss, M. O.
378 ## - FULLER FORM OF PERSONAL NAME
- Fuller form of personal name:
Maurice O.
400 1# - SEE FROM TRACING--PERSONAL NAME
- Personal name:
Moss, Maurice O.
670 ## - SOURCE DATA FOUND
- Source citation:
Rivière, J. Industrial ... 1977 (a.e.)
- Information found:
t.p. (M. O. Moss, sr. lectr., Dept. of Microbiology, U. of Surrey)
670 ## - SOURCE DATA FOUND
- Source citation:
GB 78-09080
- Information found:
(a.e.: Moss, M. O.)
670 ## - SOURCE DATA FOUND
- Source citation:
Comm. univ. yrbk., 1977-78
- Information found:
(Moss, M. O., DIC, ARCS, BSc., PhD. Lond.)
670 ## - SOURCE DATA FOUND
- Source citation:
His Applied mycology of Fusarium, 1983:
- Information found:
CIP t.p. (Maurice O. Moss)
675 ## - SOURCE DATA NOT FOUND
- Source citation:
WW of Brit. sci., 1971-72;
- Source citation:
Dir. of Brit. sci., 1966-67;
- Source citation:
U. of Lond. theses & diss., 1959-68.